000 00386nam a2200169Ia 4500
999 _c14002
_d14002
003 OSt
005 20260318121059.0
008 260210s9999 xx 000 0 und d
020 _a 978-0262534857
082 _a720
100 _aGary Hack
245 0 _aSite Planning: International Practice
260 _bThe MIT Press
260 _c2025
300 _a768 pages
942 _cPG
_2ddc